zpět

Detail výsledku týmu

The PUB Praha 6 , Praha

Datum a čas kvízu

28.5 Celkem bodů Celkový počet nahraných bodů na tomto kvízu bez doplňovacích otázek.
7. Pořadí na kvízu Konečné umístění týmu na tomto kvízu.

Zaznamenané odpovědi

# Otázka Odpověď Body Výsledky
1. Tělo nosorožce Súdána, který b... v Keni 0
2. Většina evropských zemí přešla... o Libanonu 1
3. Minulý týden bylo oznámeno, že... Bohumil Hrabal 0
4. Minulý týden došlo v české ene... Westinghouse 1
5. Která česká tenistka získala n... Petra Kvitová 1
6. V tomto tématu bude vaším úkol... Za humny je drak 0
7. Vyberte jméno, které patří do... A 1
8. Seřaďte následující hlášky pod... 1C 2A 3D 4B 0
9. Věta „Děda je hodný, ale překá... Na samotě u lesa, Komárek 1
10. Pěti slovy dokončete hlášku z... nebo se z toho zblázníš 1